Planning R.E. in Schools. (Record no. 3203)

MARC details
000 -LEADER
fixed length control field 00352nam a22001217a 4500
005 - DATE AND TIME OF LATEST TRANSACTION
control field 20201118150534.0
008 - FIXED-LENGTH DATA ELEMENTS--GENERAL INFORMATION
fixed length control field 201118b ||||| |||| 00| 0 eng d
020 ## - INTERNATIONAL STANDARD BOOK NUMBER
International Standard Book Number 185100033X
040 ## - CATALOGING SOURCE
Transcribing agency CML
245 ## - TITLE STATEMENT
Title Planning R.E. in Schools.
Statement of responsibility, etc. Evans J.
260 ## - PUBLICATION, DISTRIBUTION, ETC.
Place of publication, distribution, etc. CEM Royal Buildings
Name of publisher, distributor, etc. Derby
Date of publication, distribution, etc. 1991
942 ## - ADDED ENTRY ELEMENTS (KOHA)
Source of classification or shelving scheme Dewey Decimal Classification
Koha item type Books
Edition 1st Edition
Classification part 207
Call number suffix EUA
Holdings
Withdrawn status Lost status Source of classification or shelving scheme Damaged status Not for loan Collection code Home library Current library Shelving location Date acquired Total Checkouts Full call number Date last seen Copy number Price effective from Koha item type
    Dewey Decimal Classification     Religion Chalimbana Main Library Chalimbana Main Library Religion 11/18/2020   207.3 EUA 11/18/2020 1 11/18/2020 Books

Powered by Koha